000 00664nam a2200205 a 4500
001 15269
003 CO-ViMGA
008 141112s2004 ck r 000 u spa d
020 _a9586902919
040 _aCO-ViMGA
_bspa
_cCO-ViMGA
082 0 4 _a373.86 C656r
100 1 _aOspina Bejarano, Alfonso
_922173
245 1 0 _aRegimen Jurídico de la educación en Colombia :
_bRegimen general, especial y educación superior
260 _aBogotá,
_cLeyer,
_c2002
300 _a723.p.
490 _aColección códigos Brevis
650 1 4 _aeducación - LEGISLACION - COLOMBIA
_922174
650 1 4 _aeducación SUPERIOR - LEGISLACION - COLOMBIA
_922175
942 _2ddc
_cBK
999 _c25632
_d25632